Türkiye ve Avrupa'da Siyasi Partiler Kanunu ve Seçim Yasası (Record no. 1708)
[ view plain ]
| 000 -BAŞLIK | |
|---|---|
| Sabit Uzunlukta Kontrol Alanı | 00798na a2200265 4500 |
| 001 - KONTROL NUMARASI | |
| Denetim Alanı | 16895 |
| 003 - KONTROL NUMARASI IDENTIFIER | |
| Denetim Alanı | MIRAKIL |
| 005 - SON İŞLEM TARİHİ VE ZAMANI | |
| Denetim Alanı | 20181213154832.0 |
| 008 - SABİT-BOY VERİ ELEMANLARI - GENEL BİLGİLER | |
| Sabit Uzunlukta Kontrol Alanı | 161017b tu 000 0 |
| 020 ## - ULUSLARARASI STANDART KİTAP NUMARASI | |
| Uluslararası Standart Kitap Numarası | 9757968447 |
| 035 ## - SİSTEM KONTROL NUMARASI | |
| Sistem Kontrol Numarası | 16895 |
| 040 ## - KATALOGLAMA KAYNAK | |
| Orijinal Kataloglama Ajansı | Milas |
| Kataloglama Dili | tur |
| Metne Dönüştürmek Ajansı | TR-AnCHP |
| 041 ## - DİL KODU | |
| Metin / Ses Parça Veya Ayrı Başlığın Dil Kodu | tur |
| 082 ## - DEWEY ONLU SINIFLANDIRMA NUMARASI | |
| Sınıflandırma Numarası | 342.07 |
| Ürün Numarası | K65t 2002 |
| 090 ## - SINIFLAMA NUMARASI | |
| Sınıflama Numarası | 342.07 K65t 2002 |
| 110 ## - ANA GİRİŞ - KURUMSAL ADI | |
| Giriş Elemanı Olarak Kurumsal Ad Veya Yargı Alanı Adı | Kondrad Adenauer Vakfı |
| 245 ## - BAŞLIK TABLOSU | |
| Başlık | Türkiye ve Avrupa'da Siyasi Partiler Kanunu ve Seçim Yasası |
| Sorumluluk Tablosu, Vb | Konrad Adenauer Vakfı |
| 260 ## - YAYIN, DAĞITIM, VB | |
| Yayın, Dağıtım, Vb Yeri | Ankara |
| Yayıncı, Dağıtıcı, Vs Adı | Konrad Adenauer Vakfı |
| Yayın, Dağıtım, Vb Tarihi | 2002 |
| 300 ## - FİZİKSEL TANIM | |
| Kapsam | v, 61 s. |
| Boyutlar | 22 sm. |
| 650 ## - KONU KATMA GİRİŞ - TOPİKAL DÖNEM | |
| Topikal Süreli Veya Coğrafi Ad Giriş Elemanı | Siyasal partiler |
| Genel Alt Bölümü | Hukuk ve mevzuat |
| Coğrafi Alt Bölümü | Türkiye |
| 650 ## - KONU KATMA GİRİŞ - TOPİKAL DÖNEM | |
| Topikal Süreli Veya Coğrafi Ad Giriş Elemanı | Siyasal partiler |
| Genel Alt Bölümü | Hukuk ve mevzuat |
| Coğrafi Alt Bölümü | Avrupa |
| 650 ## - KONU KATMA GİRİŞ - TOPİKAL DÖNEM | |
| Topikal Süreli Veya Coğrafi Ad Giriş Elemanı | Seçim hukuku |
| Coğrafi Alt Bölümü | Türkiye |
| 650 ## - KONU KATMA GİRİŞ - TOPİKAL DÖNEM | |
| Topikal Süreli Veya Coğrafi Ad Giriş Elemanı | Seçim hukuku |
| Coğrafi Alt Bölümü | Avrupa |
| 942 ## - EKLENDİ GİRİŞ ELEMANLARI (KOHA) | |
| Sınıflandırma Veya Raf Düzeni Kaynak | |
| Koha Öğesi Türü | Books |
| 999 ## - SİSTEM KONTROL NUMARALARI (KOHA) | |
| Koha Biblionumber | 1708 |
| Koha Biblioitemnumber | 1708 |
| Kalıcı Konum | Mevcut Konum | Edinme Tarihi | Edinim Kaynak | Toplam Check-Out'Lar | Tam Çağrı Numarası | Barkod | Tarih Son Görülme | İtibaren Geçerli Fiyatlar | Koha Öğesi Türü |
|---|---|---|---|---|---|---|---|---|---|
| CHP Kütüphanesi | CHP Kütüphanesi | 10/17/2016 | Bağış | 342.07 K65t 2002 | 005388 | 10/17/2016 | 10/17/2016 | Books |
